MARC-Details
| 000 -Satzkennung |
| Kontrollfeld mit fester Länge |
01705cam a2200469 4500 |
| 001 - Kontrollnummer |
| Kontrollfeld |
1741678366 |
| 003 - Kontrollnummer Identifier |
| Kontrollfeld |
DE-627 |
| 005 - Datum und Zeit der letzten Transaktion |
| Kontrollfeld |
20220628155847.0 |
| 007 - Feld mit fester Länge zur physischen Beschreibung - Allgemeine Information |
| Kontrollfeld mit fester Länge |
tu |
| 008 - Feld mit fester Länge zur physischen Beschreibung - Allgemeine Angaben |
| Kontrollfeld mit fester Länge |
201202s2020 pl ||||| 00| ||pol c |
| 020 ## - Internationale Standardbuchnummer |
| Internationale Standardbuchnummer |
9788323543275 |
| Verknüpfung |
978-83-235-4327-5 |
| 020 ## - Internationale Standardbuchnummer |
| Internationale Standardbuchnummer |
9788323543435 |
| Verknüpfung |
978-83-235-4343-5 |
| 020 ## - Internationale Standardbuchnummer |
| Internationale Standardbuchnummer |
9788323543350 |
| Verknüpfung |
978-83-235-4335-0 |
| 020 ## - Internationale Standardbuchnummer |
| Internationale Standardbuchnummer |
9788323543510 |
| Verknüpfung |
978-83-235-4351-0 |
| 035 ## - Systemkontrollnummer |
| System-Kontrollnummer |
(DE-627)1741678366 |
| 035 ## - Systemkontrollnummer |
| System-Kontrollnummer |
(DE-599)KXP1741678366 |
| 035 ## - Systemkontrollnummer |
| System-Kontrollnummer |
(OCoLC)1237806209 |
| 040 ## - Katalogisierungsquelle |
| Original-Katalogisierungsstelle |
DE-627 |
| Katalogisierungssprache |
pol |
| Übertragungsstelle |
DE-627 |
| 041 ## - Sprachcode |
| Sprachcode des Textes/der Tonspur oder des separaten Titels |
pol |
| 044 ## - Ländercode der veröffentlichenden/herstellenden Stelle |
| ISO-Ländercode |
XA-PL |
| 084 ## - Andere Notation |
| Zuweisende Stelle |
DE-2620/21 |
| 084 ## - Andere Notation |
| Zuweisende Stelle |
DE-2620/21 |
| 100 1# - Haupteintragung - Personenname |
| Personenname |
Kmak-Pamirska, Aleksandra |
| Funktionsbezeichnung |
VerfasserIn |
| IDN des Normdatensatzes oder Standardnummer |
(DE-588)1179986725 |
| -- |
(DE-627)1067596321 |
| -- |
(DE-576)51845634X |
| Funktionsbezeichnungscode |
aut |
| Koha-Normdatenidentnummer |
7869 |
| 245 10 - Titel |
| Titel |
Centrum - peryferia - naród |
| Zusatz zum Titel |
uwarunkowania w Polsce i w Niemczech w XIX i na początku XX wieku |
| Verfasserangabe etc. |
Aleksandra Kmak-Pamirska |
| 250 ## - Ausgabebezeichnung |
| Ausgabebezeichnung |
Wydanie I |
| 264 #1 - Produktion, Veröffentlichung, Distribution, Herstellung und Urheberrechtsvermerk |
| Herstellungs-, Veröffentlichungs- Vertriebs-, Erzeugungsort |
Warszawa |
| Produzent, Herausgeber, Distributor, Hersteller |
Wydawnictwa Uniwersytetu Warszawskiego |
| Datum der Herstellung, der Veröffentlichung, des Vertriebs oder des Urheberschutzvermerks |
[2020] |
| 300 ## - Physische Beschreibung |
| Umfang |
391 Seiten |
| Andere physische Details |
Illustrationen |
| Maße |
25 cm |
| 336 ## - Inhaltstyp |
| Inhaltstypterm |
Text |
| Inhaltstypcode |
txt |
| Quelle |
rdacontent |
| 336 ## - Inhaltstyp |
| Quelle |
rdacontent |
| 337 ## - Medientyp |
| Bezeichnung des Medientyps |
ohne Hilfsmittel zu benutzen |
| Medientypcode |
n |
| Quelle |
rdamedia |
| 338 ## - Datenträgertyp |
| Datenträgertypbezeichnung |
Band |
| Datenträgertypcode |
nc |
| Quelle |
rdacarrier |
| 500 ## - Allgemeine Fußnote |
| Allgemeine Fußnote |
Literaturverzeichnis: Seite 361-381. - Register |
| 648 ## - Nebeneintragung unter einem Schlagwort - Zeitschlagwort |
| Zeitschlagwort |
1800-1920 |
| Koha-Normdatenidentnummer |
5791 |
| 650 ## - Nebeneintragung unter einem Schlagwort - Sachschlagwort |
| Sachschlagwort oder geografischer Name als Eintragungselement |
Zentrum-Peripherie-Modell |
| Koha-Normdatenidentnummer |
7870 |
| 650 ## - Nebeneintragung unter einem Schlagwort - Sachschlagwort |
| Sachschlagwort oder geografischer Name als Eintragungselement |
Peripherie |
| Koha-Normdatenidentnummer |
7871 |
| 650 ## - Nebeneintragung unter einem Schlagwort - Sachschlagwort |
| Sachschlagwort oder geografischer Name als Eintragungselement |
Zentrum |
| Koha-Normdatenidentnummer |
7872 |
| 651 ## - Nebeneintragung unter einem Schlagwort - Geografischer Name |
| Geografischer Name |
Podlachien |
| Koha-Normdatenidentnummer |
7873 |
| 651 ## - Nebeneintragung unter einem Schlagwort - Geografischer Name |
| Geografischer Name |
Niederlausitz |
| Koha-Normdatenidentnummer |
7874 |
| 856 42 - Elektronische Adresse und Zugriff |
| URL |
<a href="http://swbplus.bsz-bw.de/bsz1741678366inh.htm">http://swbplus.bsz-bw.de/bsz1741678366inh.htm</a> |
| Kontaktstelle für Hilfe beim Zugriff |
V:DE-576;B:DE-14 |
| Elektronisches Format |
application/pdf |
| Zugriffszeiten |
20210721193049 |
| Spezifische Materialangaben |
Inhaltsverzeichnis |
| 942 ## - Zusätzliche Felder (Koha) |
| Klassifikation oder Aufstellungssystematik |
Andere/Generische Klassifikation |
| Koha-Medientyp |
Monographien |